01161nam a2200265Ia 4500003000900000008004100009040001600050080001800066110001500084111011600099245024100215260003700456300001500493650004100508650001800549650001900567700003200586700002800618700003000646700003000676710004500706942000700751999001500758952012200773IN-BaIIA211028s9999 xx 000 0 eng d cIIA Library a52-337bHIN.1 aNATO96419 aNATO Advanced Study Institute on Planetary and Stellar MagnetismcUniversity of Newcastle upon Tyned196597412 0aMagnetism and the cosmosbproceedings of NATO advanced study institute on planetary and stellar magnetism held in the departments of physics and mathematics, University of Newcastle Upon Tyne, 1965cedtied by W. R. Hindmarsh… [et al.] aEdinburghbOliver and Boydc1967 axiv, 436p. aAstronomy and astrophysics thesaurus aMagnetism956 aUniverse91987 aHindmarsh, W. R., ed.95549 aLowes, F. J., ed.95550 aRoberts, P. H., ed.95551 aRuncorn, S. K., ed.94292 aNorth Atlantic Treaty Organization96421 cBK c4218d4218 00104070aBANbBANcGENd1973-05-23g142.75l0o52-337/ HIN.1p4708r2021-11-05v142.75w1973-05-23yBKGRs. 142.75